[Event "Chinese League"]
[Site "Qingdao CHN"]
[Date "2011.10.28"]
[Round "15"]
[White "Yu Ruiyuan"]
[Black "Yu Yangyi"]
[Result "1/2-1/2"]
[WhiteElo "2439"]
[BlackElo "2652"]

1.e4 c5 2.Nf3 e6 3.d4 cxd4 4.Nxd4 a6 5.Bd3 Bc5 6.Nb3 Be7 7.O-O d6 8.c4 Nf6
9.Nc3 b6 10.Bf4 Bb7 11.Re1 Nbd7 12.Rc1 O-O 13.Bf1 Qc7 14.a3 Rac8 15.Nd2 Qb8
16.b4 Rfd8 17.Bg3 Bf8 18.f4 g6 19.Be2 Bh6 20.Bf3 e5 21.fxe5 Nxe5 22.Bxe5 dxe5
23.Nd5 Bxd5 24.cxd5 Rxc1 25.Qxc1 Rc8 26.Qb2 Qc7 27.Nb3 Qc3 28.Qxc3 Rxc3 29.Rb1 Be3+
30.Kf1 g5 31.d6 Kf8 32.a4 g4 33.Be2 Ke8 34.Bxa6 Nxe4 35.Ke2 Nxd6 36.Rd1 Rxb3
37.Rxd6 Bd4 38.a5 Rxb4 39.axb6 Bxb6 40.Rh6 e4 41.g3 Rb2+ 42.Kf1 Rb1+ 43.Ke2 e3
44.Rh5 Rb2+ 45.Kf1 Rf2+ 46.Ke1 f5 47.Be2 Kf7 48.h3 f4 49.Rf5+ Kg7 50.hxg4 Rg2
51.gxf4 Rg1+ 52.Bf1 Rxg4 53.Rg5+ Rxg5 54.fxg5 Bd8 55.Bd3 Bxg5 56.Kf1 h5 57.Kg2 Kf6  1/2-1/2

[Event "1st WCGD"]
[Site "Dresden GER"]
[Date "2011.10.29"]
[Round "7"]
[White "Luther,T"]
[Black "Salov,S"]
[Result "1-0"]
[WhiteElo "2518"]
[BlackElo "2253"]

1.e4 c5 2.Nf3 e6 3.d4 cxd4 4.Nxd4 a6 5.Bd3 Qb6 6.Nf3 d6 7.O-O Nd7 8.c4 Qc7
9.Nc3 Ngf6 10.Bf4 Be7 11.Rc1 b6 12.Qe2 Ne5 13.Nxe5 dxe5 14.Be3 Nd7 15.a3 Bc5
16.b4 Bxe3 17.Qxe3 O-O 18.Rfd1 Bb7 19.Bf1 Rfd8 20.Na4 Rab8 21.c5 b5 22.Nc3 Nf6
23.f3 Rxd1 24.Rxd1 Rd8 25.Rd3 Rxd3 26.Qxd3 Kf8 27.a4 bxa4 28.Nxa4 Ke7 29.Kf2 Qd7
30.Nb6 Qxd3 31.Bxd3 Ne8 32.Nc4 Nc7 33.Nxe5 f6 34.Nc4 Bc6 35.Nd6 Bb5 36.Ke3 e5
37.Bc4 Bxc4 38.Nxc4 Ne6 39.Kd2 Kd7 40.Kc3 Nf4 41.Ne3 Kc6 42.Kc4 h5 43.g3 Ne2
44.Nf5 Ng1 45.Nxg7 Nxf3 46.h4  1-0

[Event "World Youth U16 Ol"]
[Site "Kocaeli TUR"]
[Date "2011.10.29"]
[Round "8.11"]
[White "Gorbanovsky,O"]
[Black "Abdulla,Abdulwahab"]
[Result "1-0"]
[WhiteElo "1904"]
[BlackElo "1763"]

1.e4 c5 2.Nf3 e6 3.d4 cxd4 4.Nxd4 a6 5.Bd3 Nc6 6.Nxc6 bxc6 7.O-O d5 8.exd5 cxd5
9.Re1 Nf6 10.Nd2 Bd6 11.Nf3 O-O 12.Bg5 Bb7 13.c3 Be7 14.Qe2 h6 15.Bh4 Ne4
16.Bxe7 Qxe7 17.Bxe4 dxe4 18.Nd2 f5 19.f3 exf3 20.Nxf3 Rae8 21.Rad1 f4 22.Qf2 Bxf3
23.Qxf3 e5 24.Re4 Rd8 25.Rde1 Qc5+ 26.Qf2 Qxf2+ 27.Kxf2 Rd2+ 28.R1e2 Rxe2+
29.Kxe2 Re8 30.Kf3 Kf7 31.Rb4 Re6 32.Ke4 Kf6 33.c4 g5 34.c5 Ke7 35.Rb7+ Kd8
36.Kd5 Re8 37.Rb8+ Ke7 38.Rxe8+ Kxe8 39.Kxe5 Kd7 40.Kf5 Kc6 41.h3 Kxc5 42.Ke4  1-0

[Event "TCh-NED Meesterklasse 2011-12"]
[Site "Netherlands NED"]
[Date "2011.10.29"]
[Round "2.6"]
[White "De Groote,J"]
[Black "Martens,M"]
[Result "1/2-1/2"]
[WhiteElo "2104"]
[BlackElo "2444"]

1.e4 c5 2.Nf3 e6 3.d4 cxd4 4.Nxd4 a6 5.Bd3 Nf6 6.O-O e5 7.Ne2 Bc5 8.Ng3 d6
9.Bg5 h6 10.Bxf6 Qxf6 11.Nc3 Qd8 12.Nd5 Nc6 13.c3 Be6 14.Nf5 Kf8 15.Qf3 g6
16.Nfe3 Kg7 17.Rad1 Rf8 18.Bb1 Rc8 19.Rd2 Qg5 20.Rfd1 h5 21.Qg3 Qxg3 22.hxg3 b5
23.a3 Rfd8 24.Bd3 Rb8 25.b4 Ba7 26.a4 Rdc8 27.axb5 axb5 28.Ra1 Rb7 29.Be2 Kf8
30.Kf1 Ne7 31.Ra3 Nc6 32.Ke1 Kg7 33.Ra6 Kf8 34.Rd1 Kg7 35.Rda1 Kf8 36.Kd2 Kg7
37.Bd3 Kf8 38.f4 exf4 39.gxf4 Kg7 40.Be2 Bd7 41.Bd3 Re8 42.Nc2 Bf2 43.Ra8 Ne7
44.Rxe8 Bxe8 45.Nce3 Bc6 46.Ra6 Bxd5 47.Nxd5 Nxd5 48.exd5 Bg3 49.Ke3 Be1
50.Rc6 Re7+ 51.Kf3 Bd2 52.Bxb5 Re3+ 53.Kf2 Rxc3 54.Rxc3 Bxc3 55.g3 Bxb4 56.Kf3 Be1
57.Be8 Kf8 58.Ba4 Ke7 59.Bb3 f6 60.Bc2 Kf7 61.Ba4 g5 62.fxg5 fxg5 63.Bb5 Kf6
64.Be8 Ke5 65.Bf7 Kd4 66.Bxh5 Kxd5 67.g4 Kd4 68.Bg6 Ba5  1/2-1/2

[Event "TCh-NED Meesterklasse 2011-12"]
[Site "Netherlands NED"]
[Date "2011.10.29"]
[Round "2.4"]
[White "Van der Poel,H"]
[Black "Solleveld,Maa"]
[Result "0-1"]
[WhiteElo "2312"]
[BlackElo "2502"]

1.e4 c5 2.Nf3 e6 3.d4 cxd4 4.Nxd4 a6 5.Bd3 Bc5 6.Nb3 Be7 7.Qg4 g6 8.Nc3 d6
9.Qe2 Nd7 10.f4 Qc7 11.O-O Ngf6 12.a4 b6 13.Bd2 Bb7 14.Rae1 h5 15.f5 gxf5
16.exf5 e5 17.Ne4 Nxe4 18.Bxe4 Bxe4 19.Qxe4 Rc8 20.c3 Qc4 21.Qxc4 Rxc4 22.a5 b5
23.Be3 Rg8 24.Nd2 Rcg4 25.Re2 Nf6 26.h3 Ra4 27.Nb3 Ne4 28.Ra1 Ng3 29.Rf2 Re4
30.Bd2 Bh4 31.Re1 Ra4 32.Rf3 Ra2 33.Bc1 Bd8 34.Kh2 h4 35.Rd1 Ke7 36.Rd5 Ne4
37.Re3 Nf6 38.Rd1 Bxa5 39.Nxa5 Rxa5 40.Rd4 Ra1 41.Bd2 Rb1 42.c4 Rxb2 43.c5 d5
44.Rxe5+ Kd7 45.Re1 Kc6 46.Rg1 Ne4 47.Be1 Kxc5 48.Rd3 d4 49.Bxh4 Kc4 50.Ra3 d3
51.Rxa6 d2 52.Ra7 d1=Q 53.Rxd1 Rgxg2+ 54.Kh1 Rh2+ 55.Kg1 Rbg2+ 56.Kf1 Nd2+
57.Rxd2 Rxd2 58.Rc7+ Kb3 59.Kg1 Rdg2+ 60.Kf1 Rc2  0-1

[Event "19th Skopje Open"]
[Site "Skopje MKD"]
[Date "2011.10.29"]
[Round "6"]
[White "Markovic,Ma"]
[Black "Hadzi Manev,L"]
[Result "1-0"]
[WhiteElo "2285"]
[BlackElo "2099"]

1.e4 c5 2.Nf3 e6 3.d4 cxd4 4.Nxd4 a6 5.Bd3 Nc6 6.Nxc6 dxc6 7.O-O e5 8.a4 Nf6
9.Nd2 Bc5 10.h3 Be6 11.Nf3 Qd6 12.Qe2 h6 13.Rd1 Rd8 14.b4 Bxb4 15.Bb2 Nd7
16.Bxa6 Qc5 17.Bxb7 O-O 18.c3 Bxc3 19.Bxc3 Qxc3 20.Rac1 Qa5 21.Bxc6 Nb6 22.Rxd8 Rxd8
23.Qb5 Qxb5 24.Bxb5 Ra8 25.Nxe5 Nxa4 26.Ra1 Ra5 27.Rxa4 Rxb5 28.Nf3 Rb1+
29.Kh2 Rb2 30.Kg1 Rb1+ 31.Kh2 Rb2 32.Kg3 Rb3 33.Rd4 Kf8 34.Rd2 Ke7 35.Kh2 Ra3
36.Nd4 g5 37.Rb2 Kf6 38.Re2 Ra5 39.Re3 Rc5 40.Re2 Kg6 41.Rc2 Ra5 42.Rc3 Ra2
43.Kg3 h5 44.Kf3 Kf6 45.Ke3 Bd7 46.Nf3 g4 47.hxg4 hxg4 48.Nd2 Kg5 49.Rc5+ Kf6
50.Rd5 Be6 51.Rd3 Ke5 52.Rc3 Kf6 53.Nf1 Ra1 54.Ng3 Kg6 55.Rc2 Kg5 56.Ne2 Ra3+
57.Rc3 Ra2 58.Nc1 Ra1 59.Rc5+ Kf6 60.Kf4 Ra4 61.Nd3 Ra2 62.Rc3 Rd2 63.Ke3 Ra2
64.Nb4 Rb2 65.Nc2 Ke5 66.Ne1 Kf6 67.Rc2 Rb1 68.Nd3 Ra1 69.Rb2 Ra3 70.Kd4 Ra4+
71.Nb4 Ra1 72.Nd3 Ra4+ 73.Ke3 Ra3 74.Rd2 Kg5 75.f4+ gxf3 76.gxf3 Ra1 77.f4+ Kf6
78.Rg2 Ra3 79.Rd2 Ra1 80.Rb2 Ra3 81.Kd4 Ra4+ 82.Nb4 Ra1 83.Rh2 Rf1 84.Nd3 Rf3
85.Rf2 Rxf2 86.Nxf2 Bc8 87.Nd1 Bb7 88.Ne3 Bc8 89.Nd5+ Ke6 90.f5+ Kd6 91.e5+ Kc6
92.Ne7+ Kd7 93.Nxc8 Kxc8 94.Ke4 Kd7 95.Kf4 Ke7 96.Kg5 Ke8 97.Kf6 Kf8 98.e6 fxe6
99.fxe6  1-0

[Event "TCh-HUN 2011-12"]
[Site "Budapest HUN"]
[Date "2011.10.30"]
[Round "2"]
[White "Nagy,Ga1"]
[Black "Horvath,Ju"]
[Result "1-0"]
[WhiteElo "2404"]
[BlackElo "2211"]

1.e4 c5 2.Nf3 e6 3.d4 cxd4 4.Nxd4 a6 5.Bd3 Nc6 6.Nxc6 dxc6 7.Nd2 e5 8.Qh5 Bd6
9.Nc4 Nf6 10.Qg5 O-O 11.Bd2 Qe7 12.Nxd6 Qxd6 13.Bc3 Re8 14.O-O-O Qe6 15.Kb1 c5
16.Qe3 c4 17.Be2 b5 18.Ba5 Bb7 19.f3 Nd7 20.Qa3 Nb8 21.Rd6 Qc8 22.Rhd1 Nc6
23.Bb6 Qb8 24.c3 Rc8 25.Bf1 b4 26.cxb4 Nd4 27.Bc5 Nb5 28.Qe3 Nxd6 29.Bxd6 Qa7
30.Qxa7 Rxa7 31.Bxe5 Raa8 32.Rc1 Bc6 33.Bxc4 Bb5 34.b3 Bxc4 35.bxc4 f6 36.Bd6 Kf7
37.Kb2 Ke6 38.c5 Kd7 39.Kb3 Kc6 40.a4 Ra7 41.Kc4 Kd7 42.Kd5 Re8 43.c6+ Kc8
44.Rc5 Rd8 45.Ra5 Re7 46.f4  1-0

[Event "TCh-CZE Liga 1 Zapad"]
[Site "Czech Rep CZE"]
[Date "2011.10.30"]
[Round "2.8"]
[White "Pirklova, Hana"]
[Black "Filipi, Stepan"]
[Result "1/2-1/2"]
[WhiteElo "2107"]
[BlackElo "2136"]

1.e4 c5 2.Nf3 e6 3.d4 cxd4 4.Nxd4 a6 5.Bd3 Bc5 6.Nb3 Be7 7.Qg4 g6 8.Qe2 Qc7
9.O-O d6 10.c4 Nd7 11.f4 Ngf6 12.Nc3 b6 13.Bd2 Bb7 14.Rae1 h5 15.h3 h4 16.e5 dxe5
17.fxe5 Nh5 18.Qf2 O-O-O 19.Be4 Nxe5 20.Bxb7+ Kxb7 21.Ne4 Nd3 22.Qxf7 Nxe1
23.Rxe1 Bd6 24.Nxd6+ Rxd6 25.Qxg6 Qh7 26.Qg4 Rhd8 27.Qf3+ Ka7 28.Be3 Qf5
29.c5 Qxf3 30.cxb6+ Kb8 31.gxf3 Rd1 32.Kf2 Rxe1 33.Kxe1 e5 34.Nc5 Nf4 35.Nxa6+ Kb7
36.Nc5+ Kc6 37.Bf2 Rd5 38.b4 Kxb6 39.Ne6+ Kc6 40.Nxf4 exf4 41.a4 Rd3 42.Ke2 Ra3
43.Bxh4 Rxa4 44.Be7 Kd5 45.h4 Ra2+ 46.Kf1 Ke6 47.Bc5 Rb2 48.Kg1 Kf5 49.Bd6 Re2
50.Kf1 Rd2 51.Be7 Kg6 52.Bc5 Kh5 53.Be7 Kg6 54.Bc5 Rd7 55.Bf2 Rb7 56.Bc5 Rd7
57.Bf2 Rb7 58.Bc5 Kh5 59.Bd6 Rf7 60.b5 Kxh4 61.b6 Kg3 62.Ke2 Rd7 63.Bc7 Re7+
64.Kd2 Kxf3 65.b7 Rd7+ 66.Ke1 Re7+ 67.Kd2 Rd7+  1/2-1/2

[Event "TCh-CZE Liga 1 Zapad"]
[Site "Czech Rep CZE"]
[Date "2011.10.30"]
[Round "2.3"]
[White "Korinek, Ondrej"]
[Black "Fiala, Robert"]
[Result "1-0"]
[WhiteElo "2335"]
[BlackElo "2288"]

1.e4 c5 2.Nf3 e6 3.d4 cxd4 4.Nxd4 a6 5.Bd3 Ne7 6.O-O g6 7.Nc3 Bg7 8.Be3 O-O
9.Qd2 d5 10.exd5 Nxd5 11.Nxd5 Qxd5 12.Be2 e5 13.Nb3 Qxd2 14.Bxd2 Nc6 15.c3 f5
16.Bc4+ Kh8 17.Be3 Re8 18.Rfd1 e4 19.Bd5 Ne7 20.Bf7 Rf8 21.Bc4 b5 22.Bf1 Nc6
23.Rd6 Ne5 24.Rad1 f4 25.Bd4 Bf5 26.Nc5 a5 27.Ne6 Bxe6 28.Rxe6 Nd3 29.Rxe4 Nxb2
30.Bxg7+ Kxg7 31.Rd7+ Kh6 32.Ree7 Rh8 33.Bxb5 a4 34.h4 Rac8 35.g4 fxg3 36.fxg3 Rxc3
37.Kh2 Rc5 38.Be2 Rc6 39.g4 g5 40.h5 a3 41.Bf3  1-0

[Event "TCh-HUN 2011-12"]
[Site "Paks HUN"]
[Date "2011.10.30"]
[Round "2"]
[White "Papp,Ga"]
[Black "Eltigani,O"]
[Result "1-0"]
[WhiteElo "2551"]
[BlackElo "2310"]

1.e4 c5 2.Nf3 e6 3.d4 cxd4 4.Nxd4 a6 5.Bd3 Nf6 6.Qe2 d6 7.c4 Qc7 8.Nc3 Be7
9.O-O Nc6 10.Nxc6 bxc6 11.f4 e5 12.f5 Bb7 13.Be3 O-O 14.Rac1 Qa5 15.Qd2 Kh8
16.b4 Qd8 17.Qe2 d5 18.cxd5 cxd5 19.Nxd5 Bxd5 20.exd5 Qxd5 21.Bxa6 Bxb4 22.Rfd1 Qa5
23.Bb7 Rab8 24.Bc6 Bc3 25.Qc4 Bb2 26.Rb1 Rfc8 27.h3 Rb4 28.Qxf7 Bd4 29.Bxd4 exd4
30.Rxb4 Qxb4 31.Qb7 Qxb7 32.Bxb7 Rd8 33.a4 Rd7 34.Bf3 Kg8 35.Kf2 Kf7 36.Rb1 Ke7
37.a5 Ra7 38.Rb7+ Rxb7 39.Bxb7 Kd6 40.Ke2 Nd7 41.a6 Kc7 42.Kd3  1-0

[Event "6th Deizisau Herbstopen"]
[Site "Deizisau GER"]
[Date "2011.11.01"]
[Round "7.4"]
[White "Braun,Geo"]
[Black "Meijers,V"]
[Result "0-1"]
[WhiteElo "2127"]
[BlackElo "2471"]

1.e4 c5 2.Nf3 e6 3.d4 cxd4 4.Nxd4 a6 5.Bd3 Nf6 6.O-O Qc7 7.Qe2 d6 8.c4 Nbd7
9.Nc3 Ne5 10.Bg5 Be7 11.Rac1 Bd7 12.b3 Nxd3 13.Qxd3 O-O 14.Rfd1 Rfd8 15.Qg3 Qa5
16.Bd2 Qh5 17.a4 Rab8 18.f3 Be8 19.Be3 Nd7 20.Nde2 Nc5 21.Rb1 b5 22.axb5 axb5
23.Nxb5 Bxb5 24.cxb5 Nxe4 25.Qe1 Nf6 26.Nd4 d5 27.Nc6 Bd6 28.h4 h6 29.b6 Re8
30.Nxb8 Rxb8 31.Rbc1 Qe5 32.f4 Qf5 33.Rc6 Bxf4 34.Rdc1 Kh7 35.Qf2 Bxe3 36.Qxe3 Ng4
37.Qg3 e5 38.Rf1 Qe4 39.Rxf7 Qd4+ 40.Kf1 Ra8 41.Rc1 Ra2 42.b7 Ne3+ 43.Kg1 Nf5+
44.Kh2 Nxg3 45.Kh3 h5 46.Kxg3 Qg4+  0-1

[Event "1st Panama Open"]
[Site "Panama City PAN"]
[Date "2011.11.04"]
[Round "3.25"]
[White "Sanchez Castillo,S"]
[Black "Mathews,B"]
[Result "0-1"]
[WhiteElo "2237"]
[BlackElo "2034"]

1.e4 c5 2.Nf3 e6 3.d4 cxd4 4.Nxd4 a6 5.Bd3 Qc7 6.c4 Nf6 7.O-O Nc6 8.Nxc6 dxc6
9.Nc3 e5 10.h3 Bc5 11.Be3 Bxe3 12.fxe3 Be6 13.Qc2 Rd8 14.Rf3 O-O 15.Raf1 Qd6
16.Be2 b5 17.cxb5 cxb5 18.a3 Qd2 19.Qb1 Bb3 20.R1f2 Bc2 21.Qf1 Nxe4 22.Nxe4 Bxe4
23.Bxb5 Qd6 24.Bxa6 Bxf3 25.Rxf3 Qd2 26.b4 e4 27.Rg3 Qc2 28.Qf6 Rd1+ 29.Bf1 g6
30.Rg4 Qd3 31.Rf4 Qxe3+ 32.Kh2 Qxa3 33.Rxe4 Qc1 34.Bc4 Rh1+ 35.Kg3 Re1 36.Rf4 Qe3+
37.Rf3 Qe5+ 38.Qxe5 Rxe5 39.b5 Rc5 40.Bf1 Rb8 41.Rb3 Rb6 42.Bd3 Kg7 43.Kf4 f5
44.Ke3 Kf6 45.Kd4 Re5 46.Kc4 Ke6 47.Kb4 Kd6 48.Bc4 Re4 49.Rd3+ Kc7 50.Ra3 Rb7
51.Ra1 Kb6 52.Ra6+ Kc7 53.Rc6+ Kd7 54.Ka5 Rc7 55.Bd5 Rxc6 56.Bxc6+ Kc7 57.Bd5 Re1
58.b6+ Kb8 59.Bf3 g5 60.Kb5 Rg1 61.Kc5 h5 62.Kd4 g4 63.hxg4 fxg4 64.Bc6 h4
65.Ke3 h3 66.Kf4  0-1

[Event "1st Panama Open"]
[Site "Panama City PAN"]
[Date "2011.11.04"]
[Round "3.23"]
[White "Zepeda,S"]
[Black "Barros,R2"]
[Result "1-0"]
[WhiteElo "2049"]
[BlackElo "2263"]

1.e4 c5 2.Nf3 e6 3.d4 cxd4 4.Nxd4 a6 5.Bd3 Qc7 6.Be3 Nf6 7.Nd2 Be7 8.c4 d6
9.O-O Nbd7 10.Qe2 b6 11.f3 Bb7 12.Rfc1 O-O 13.a4 Rac8 14.a5 bxa5 15.N2b3 a4
16.Rxa4 Nc5 17.Raa1 Qb8 18.Na5 Ba8 19.b4 Nxd3 20.Qxd3 d5 21.cxd5 Rxc1+ 22.Rxc1 exd5
23.Ndc6 Qc7 24.e5 Nh5 25.Qxd5 Bxb4 26.g4 Bxa5 27.Qxa5 Qd7 28.Qc5 Bxc6 29.Qxc6 Qd3
30.Qe4 Qe2 31.gxh5 Re8 32.h6 g6 33.Bf2 Qd2 34.Qe3 Qd5 35.Qf4 Qe6 36.Rc7 Rd8
37.Kg2 a5 38.Ra7 Rc8 39.Qf6 Qxf6 40.exf6 Kf8 41.Rxa5 Ke8 42.Ra7 Rc6 43.Bd4 Rc4
44.Re7+ Kf8 45.Re4 Rc8 46.Kg3 Kg8 47.Bc5 Rb8 48.Rd4 Kh8 49.Rd7 Kg8 50.Kf4 g5+
51.Ke4 Re8+ 52.Be7 Kh8 53.Kd5 Kg8 54.Kd6 Rc8 55.Ra7 Kh8 56.Kd7 Rb8 57.Bd6 Rg8
58.Ke7 g4 59.Kxf7 gxf3 60.Ke7 f2 61.f7  1-0

[Event "1st Panama Open"]
[Site "Panama City PAN"]
[Date "2011.11.05"]
[Round "6.24"]
[White "Barros,R2"]
[Black "Mencos,C"]
[Result "1-0"]
[WhiteElo "2263"]
[BlackElo "2033"]

1.e4 c5 2.Nf3 e6 3.d4 cxd4 4.Nxd4 a6 5.Bd3 Bc5 6.Nb3 Be7 7.Nc3 d6 8.O-O Nf6
9.a4 b6 10.Qe2 Qc7 11.Bd2 Bb7 12.f4 Nc6 13.Rae1 O-O 14.e5 Nd7 15.exd6 Bxd6
16.Ne4 Bb4 17.c3 Be7 18.Qh5 g6 19.Qh6 Rfd8 20.f5 exf5 21.Ng5 Nf6 22.Bc4 Bf8
23.Qh4 Rxd2 24.Nxd2 Ne5 25.Bb3 h6 26.Nxf7 Qc5+ 27.Kh1 Nxf7 28.Qxf6 Bd5 29.Qxg6+ Bg7
30.Rxf5  1-0

[Event "Zakopane Open"]
[Site "Zakopane POL"]
[Date "2011.11.06"]
[Round "1"]
[White "Nasuta,G"]
[Black "Jaskiewicz,Kamila"]
[Result "1-0"]
[WhiteElo "2230"]
[BlackElo "1663"]

1.e4 c5 2.Nf3 e6 3.d4 cxd4 4.Nxd4 a6 5.Bd3 Nf6 6.O-O Qc7 7.Qe2 d6 8.c4 b6
9.Nc3 Bb7 10.Be3 Nbd7 11.f3 Be7 12.Rfc1 Ne5 13.a4 O-O 14.a5 bxa5 15.Nb3 Nxd3
16.Qxd3 Bc6 17.Nxa5 Rab8 18.Qd2 Nd7 19.Nd5 exd5 20.cxd5 Bf6 21.Nxc6 Nc5 22.Nxb8 Qxb8
23.Bxc5 dxc5 24.Rxc5 Qb6 25.Qf2 Rb8 26.Rc8+  1-0

[Event "38th ch-IND w 2011"]
[Site "Chennai IND"]
[Date "2011.11.09"]
[Round "11"]
[White "Ramaswamy,A"]
[Black "Nandhidhaa,P"]
[Result "1/2-1/2"]
[WhiteElo "2209"]
[BlackElo "2105"]

1.e4 c5 2.Nf3 e6 3.d4 cxd4 4.Nxd4 a6 5.Bd3 Bc5 6.Nb3 Be7 7.f4 d6 8.Be3 Nf6
9.Qe2 Qc7 10.N1d2 Nbd7 11.O-O-O b5 12.g4 Nb6 13.g5 Nfd7 14.Kb1 O-O 15.Rhg1 Bb7
16.Na5 Nc5 17.f5 exf5 18.Nxb7 Nxd3 19.Qxd3 Qxb7 20.exf5 Rfe8 21.Bd4 Bf8 22.g6 fxg6
23.fxg6 h6 24.Rde1 Nd7 25.Qf3 Qxf3 26.Nxf3 Nc5 27.Nh4 Ne4 28.Kc1 Be7 29.Nf5 Bg5+
30.Kd1 Bf6 31.Bxf6 Nxf6 32.Rxe8+  1/2-1/2

[Event "2nd Brno Open"]
[Site "Brno CZE"]
[Date "2011.11.13"]
[Round "2"]
[White "Zemlicka,V"]
[Black "Tesar,J"]
[Result "1-0"]
[WhiteElo "1954"]
[BlackElo "2107"]

1.e4 c5 2.Nf3 e6 3.d4 cxd4 4.Nxd4 a6 5.Bd3 Bc5 6.Nb3 Be7 7.O-O d6 8.Nc3 Nf6
9.f4 h5 10.Qf3 Nc6 11.h3 Qc7 12.Be3 Bd7 13.Qf2 Rc8 14.Na4 Nb4 15.Nb6 Rd8
16.a3 Nxd3 17.cxd3 Bc6 18.Rac1 h4 19.f5 exf5 20.Qxf5 Rh5 21.Qf2 Qb8 22.Nd4 Bd7
23.Nxd7 Rxd7 24.Nf5 Bf8 25.Ba7 Qa8 26.Bd4 Qd8 27.Bb6 Qb8 28.Rc2 Rd8 29.Rfc1 d5
30.Bc7 Qa8 31.Bxd8 Kxd8 32.Qb6+  1-0

[Event "TCh-CZE Liga 1 Zapad"]
[Site "Czech Rep CZE"]
[Date "2011.11.13"]
[Round "3.3"]
[White "Skara,V"]
[Black "Korinek,O"]
[Result "1/2-1/2"]
[WhiteElo "2219"]
[BlackElo "2335"]

1.e4 c5 2.Nf3 e6 3.d4 cxd4 4.Nxd4 a6 5.Bd3 Qc7 6.Nc3 Nf6 7.O-O b5 8.Bg5 Bb7
9.Qe2 Nc6 10.Nb3 Be7 11.Bh4 d6 12.Bg3  1/2-1/2

[Event "2nd Brno Open"]
[Site "Brno CZE"]
[Date "2011.11.16"]
[Round "6"]
[White "Meduna,E2"]
[Black "Tesar,J"]
[Result "0-1"]
[WhiteElo "1977"]
[BlackElo "2107"]

1.e4 c5 2.Nf3 e6 3.d4 cxd4 4.Nxd4 a6 5.Bd3 Bc5 6.Nb3 Be7 7.O-O d6 8.c4 Nf6
9.Nc3 O-O 10.Be3 Nbd7 11.Rc1 b6 12.f3 Bb7 13.Nd4 Rc8 14.b3 Qc7 15.Qe2 Qb8
16.Rfd1 Rfe8 17.Bb1 Bd8 18.Qd2 Bc7 19.Nde2 Rcd8 20.Qc2 d5 21.cxd5 Bxh2+ 22.Kh1 Qe5
23.dxe6 Qh5 24.exf7+ Kxf7 25.Bf2 Ne5 26.Rxd8 Nxf3 27.Rd7+ Nxd7 28.gxf3 Bg3+  0-1

[Event "21st World Seniors"]
[Site "Rijeka CRO"]
[Date "2011.11.17"]
[Round "3.32"]
[White "Davydov,M"]
[Black "Brinck Claussen,B"]
[Result "1/2-1/2"]
[WhiteElo "2036"]
[BlackElo "2263"]

1.e4 c5 2.Nf3 e6 3.d4 cxd4 4.Nxd4 a6 5.Bd3 Bc5 6.Nb3 Be7 7.O-O d6 8.f4 Nd7
9.Be3 Ngf6 10.c4 b6 11.Nc3 Bb7 12.Qe2 Qc7 13.Kh1 h5 14.Bg1 h4 15.h3 Nh5 16.Bh2 g5
17.f5 Bf6 18.fxe6 fxe6 19.e5 Ng3+ 20.Bxg3 hxg3 21.exf6 Ne5 22.Be4 g4 23.f7+ Ke7
24.Bxb7 Qxb7 25.Qe4 Qxe4 26.Nxe4 gxh3 27.Nbd2 Nxf7 28.gxh3 Rxh3+ 29.Kg2 Rh2+
30.Kxg3 Rah8 31.Nf2 R2h5 32.Rh1 Rg8+ 33.Kf3 Rf5+ 34.Ke3 Rg3+ 35.Ke2 Rg2 36.Raf1 Ne5
37.Rhg1 Rfxf2+ 38.Rxf2 Rxg1 39.Rh2 d5 40.cxd5 exd5 41.Rh6 Rg2+ 42.Kd1 Ng6
43.Nf3 Kd8 44.Kc1 Kc7 45.Nh4 Nxh4 46.Rxh4 Kc6 47.a3 a5 48.Rf4 Re2 49.Kb1 Re4
50.Rf2 Rc4 51.b3 Rc3 52.Kb2 Re3 53.Rc2+ Kd6 54.a4 d4 55.Rh2 Kd5 56.Rh6 Re2+
57.Kc1 Re6 58.Rh5+ Re5 59.Rh6 Kc5 60.Kd2 Rg5 61.Kc2 b5 62.axb5 Rg2+ 63.Kd3 Rg3+
64.Kc2 Rc3+ 65.Kb2 Kb4 66.b6 Rxb3+ 67.Kc2 a4 68.b7 Kc5 69.Ra6 Rxb7 70.Rxa4  1/2-1/2

[Event "WYCC U14 Girls"]
[Site "Caldas Novas BRA"]
[Date "2011.11.18"]
[Round "1"]
[White "Gologorsky,Rachel"]
[Black "Jansen Van Rensburg,Monica"]
[Result "0-1"]
[WhiteElo "2057"]
[BlackElo "1730"]

1.e4 c5 2.Nf3 e6 3.d4 cxd4 4.Nxd4 a6 5.Bd3 Qc7 6.Nc3 Nf6 7.f4 b5 8.a3 Bb7
9.Qe2 Be7 10.g4 d5 11.e5 Nfd7 12.Be3 Nc6 13.Qf2 Nxd4 14.Bxd4 Bc5 15.Ne2 Bxd4
16.Nxd4 g5 17.O-O O-O-O 18.Bxb5 axb5 19.Nxb5 Qb6 20.Nd6+ Kb8 21.Qxb6 Nxb6
22.Nxf7 gxf4 23.Nxd8 Rxd8 24.Rxf4 Nc4 25.b3 Nxe5 26.Rc1 Ng6 27.Rf7 e5 28.Rxh7 d4
29.Rh6 Rg8 30.g5 e4 31.h4 Ne5 32.Rd1 Rc8 33.Rf6 Rxc2 34.Rxd4 Nf3+ 35.Rxf3 exf3
36.Rf4 Rg2+ 37.Kf1 Ba6+ 38.Rc4 Bxc4+ 39.bxc4 Rh2  0-1

[Event "WYCC U14 Open"]
[Site "Caldas Novas BRA"]
[Date "2011.11.18"]
[Round "1"]
[White "Lopez Miller,Indalecio"]
[Black "Wagner,De"]
[Result "0-1"]
[WhiteElo "1855"]
[BlackElo "2333"]

1.e4 c5 2.Nf3 e6 3.d4 cxd4 4.Nxd4 a6 5.Bd3 Bc5 6.Nb3 Be7 7.Nc3 d6 8.a4 b6
9.O-O Nf6 10.Be3 O-O 11.f4 Nc6 12.Qf3 Bb7 13.Qg3 g6 14.Rad1 Qc7 15.f5 Ne5
16.fxe6 fxe6 17.Nd4 Qd7 18.Qh3 Neg4 19.Bg5 d5 20.exd5 Bc5 21.Ne2 e5 22.b4 Bxd4+
23.Nxd4 exd4 24.Be2 Qxd5 25.Bxg4 Qxg5 26.Be6+ Kh8 27.Rxd4 Rae8 28.Bc4 Re3  0-1

[Event "21st World Seniors"]
[Site "Rijeka CRO"]
[Date "2011.11.18"]
[Round "4.14"]
[White "Lederman,L"]
[Black "Mishuchkov,N"]
[Result "1/2-1/2"]
[WhiteElo "2267"]
[BlackElo "2418"]

1.e4 c5 2.Nf3 e6 3.d4 cxd4 4.Nxd4 a6 5.Bd3 Nf6 6.O-O e5 7.Nf3 Nc6 8.Bc4 Be7
9.Nc3 O-O 10.Bg5 d6 11.Bxf6 Bxf6 12.h3 Be6 13.Nd5 Rc8 14.Bb3 Ne7 15.c3 Nxd5
16.Bxd5 Rc5 17.Bxe6 fxe6 18.Qd3  1/2-1/2

[Event "TCh-BEL 2011-12"]
[Site "Belgium BEL"]
[Date "2011.11.20"]
[Round "4.1"]
[White "Gharamian,T"]
[Black "Chuchelov,V"]
[Result "1-0"]
[WhiteElo "2676"]
[BlackElo "2538"]

1.e4 c5 2.Nf3 e6 3.d4 cxd4 4.Nxd4 a6 5.Bd3 Bc5 6.Nb3 Be7 7.Qg4 g6 8.Qe2 d6
9.O-O Nd7 10.a4 Ne5 11.a5 Nf6 12.Bh6 Nfg4 13.Bg7 Rg8 14.Bxe5 Nxe5 15.f4 Nxd3
16.Qxd3 Bd7 17.c4 Qc7 18.Nc3 Rc8 19.Nd2 Qc5+ 20.Kh1 Rc7 21.Rfb1 Qf2 22.Rf1 Qc5
23.b3 Bc6 24.Rfb1 Bf6 25.e5 dxe5 26.Nce4 Qe7 27.Qc3 Kf8 28.fxe5 Bg5 29.Nf6 Rh8
30.Nde4 Bxe4 31.Nxe4 Kg7 32.Rd1 Rhc8 33.Rd6 h5 34.c5 Bh6 35.g3 Qe8 36.b4 Qb5
37.Re1 Kh8 38.Kg2 Bf8 39.Qd4 Be7 40.Rf1 Kg7 41.Rf2 Qa4 42.Qc3 Rf8 43.h4 Rh8
44.Kh3 Rf8 45.Kh2 Rh8 46.Rd4 Qc6 47.Nd6 Rf8 48.Rdf4 Bd8 49.Qc1 Rd7 50.Qf1 Qc7
51.R2f3 Re7 52.c6 bxc6 53.Qxa6 c5 54.Rxf7+ Rfxf7 55.Rxf7+ Kg8 56.Rxe7 Bxe7
57.Qc8+ Qxc8 58.Nxc8 cxb4 59.Nxe7+ Kf7 60.Nc8  1-0

[Event "Malta Open"]
[Site "Bugibba MLT"]
[Date "2011.11.20"]
[Round "1.25"]
[White "Van Foreest,Jorden"]
[Black "Schleime,F"]
[Result "1-0"]
[WhiteElo "2125"]
[BlackElo "1777"]

1.e4 c5 2.Nf3 e6 3.d4 cxd4 4.Nxd4 a6 5.Bd3 Nf6 6.O-O d6 7.Nc3 Qc7 8.Be3 Be7
9.a4 b6 10.f4 Nbd7 11.Qf3 Bb7 12.Nb3 O-O 13.Rae1 Rad8 14.Qh3 Rfe8 15.g4 Nf8
16.g5 N6d7 17.f5 d5 18.exd5 exd5 19.f6 Bc5 20.Nxc5 Nxc5 21.fxg7 Ng6 22.Bxg6 fxg6
23.Bd4 Ne4 24.Re3 Nxg5 25.Rxe8+ Rxe8 26.Rf8+ Rxf8 27.gxf8=Q+ Kxf8 28.Qh6+ Ke8
29.Qxg5 Qd6 30.Qe5+ Qxe5 31.Bxe5  1-0

[Event "WYCC U14 Open"]
[Site "Caldas Novas BRA"]
[Date "2011.11.20"]
[Round "3"]
[White "Sadikhov,U"]
[Black "Wagner,De"]
[Result "1-0"]
[WhiteElo "2140"]
[BlackElo "2333"]

1.e4 c5 2.Nf3 e6 3.d4 cxd4 4.Nxd4 a6 5.Bd3 Bc5 6.Nb3 Be7 7.Qg4 g6 8.Qe2 d6
9.Na3 Nd7 10.Nc4 b5 11.Nca5 Ne5 12.O-O Nf6 13.Bh6 Nfg4 14.Bg7 Rg8 15.Bxe5 Nxe5
16.f4 Nxd3 17.Qxd3 Bd7 18.Kh1 Qc7 19.Rfd1 Rd8 20.Rac1 Kf8 21.c4 b4 22.Qd2 Qb8
23.Qd4 Ba4 24.Rf1 Rd7 25.Rf3 Qd8 26.Qd2 Bxb3 27.Nxb3 a5 28.Nd4 Qa8 29.f5 gxf5
30.Qh6+ Ke8 31.Qxh7 Rf8 32.exf5 Qe4 33.Qg7 e5 34.Nb5 d5 35.cxd5 Qxd5 36.Rc8+ Bd8
37.Rxd8+  1-0

[Event "Femida Cup Men"]
[Site "Kharkiv UKR"]
[Date "2011.11.20"]
[Round "1"]
[White "Belyakov,B"]
[Black "Biriukov,N"]
[Result "1/2-1/2"]
[WhiteElo "2394"]
[BlackElo "2418"]

1.e4 c5 2.Nf3 e6 3.d4 cxd4 4.Nxd4 a6 5.Bd3 Nf6 6.f4 d6 7.Nc3 Qc7 8.g4 Nc6
9.Nb3 b5 10.g5 Nd7 11.Be3 Bb7 12.Qf3 Be7 13.O-O-O Nc5 14.Kb1 b4 15.Ne2 O-O-O
16.Qf2 Nb8 17.Ng3 Nbd7 18.Qe2 a5 19.Nd4 Kb8 20.Rc1 Rc8 21.Rhd1 Nxd3 22.cxd3 Nc5
23.Nb3 a4 24.Nd2 Qa5 25.Bxc5 Rxc5 26.Rxc5 Qxc5 27.Rc1 Qb5 28.Qe3 h6 29.h4 hxg5
30.hxg5 Rh3 31.Nc4 g6 32.Qf2 b3 33.Qg2 Rh4 34.Qf2 Rh3 35.Qg2 Rh4 36.Qf2 Rh3
37.Qg2  1/2-1/2

[Event "Vilnius Open 2011"]
[Site "Vilnius LTU"]
[Date "2011.11.23"]
[Round "5"]
[White "Vasylius,K"]
[Black "Inants,A"]
[Result "0-1"]
[WhiteElo "2119"]
[BlackElo "2288"]

1.e4 c5 2.Nf3 e6 3.d4 cxd4 4.Nxd4 a6 5.Bd3 Nf6 6.O-O e5 7.Nf3 Nc6 8.Nc3 Bc5
9.Nd5 h6 10.c3 d6 11.b4 Ba7 12.Nxf6+ Qxf6 13.a4 O-O 14.Qb3 Ne7 15.Be3 Bg4
16.Be2 Ng6 17.Qc2 Nf4 18.Bxf4 Qxf4 19.Ne1 Be6 20.Rd1 Rfd8 21.Bf3 Rac8 22.Qb2 Qf6
23.Nc2 Qe7 24.Rfe1 Qc7 25.Rd3 Qc4 26.Red1 Qb3 27.Rb1 Qxa4 28.Ne3 Bxe3 29.Rxe3 Bc4
30.Qd2 Qc6 31.Rd1 b6 32.Bg4 Ra8 33.Bf5 d5 34.f4 exf4 35.Rf3 Bb3 36.e5 Bxd1
37.Qxd1 Re8 38.Rxf4 Rxe5 39.Qd3 Rae8 40.Bh7+ Kh8 41.Rf3 Re1+ 42.Kf2 Qe6  0-1

[Event "25th Belgrade Trophy"]
[Site "Obrenovac SRB"]
[Date "2011.11.24"]
[Round "1.17"]
[White "Marinkov,S"]
[Black "Filip,L"]
[Result "0-1"]
[WhiteElo "1987"]
[BlackElo "2471"]

1.e4 c5 2.Nf3 e6 3.d4 cxd4 4.Nxd4 a6 5.Bd3 Bc5 6.Nb3 Be7 7.Be3 Nf6 8.c4 d6
9.Nc3 b6 10.Nd4 O-O 11.O-O Bb7 12.f4 Nbd7 13.Qf3 Re8 14.Rac1 Bf8 15.Rfe1 Nc5
16.Bb1 Nfxe4 17.Bxe4 Nxe4 18.Nxe4 Rb8 19.f5 exf5 20.Nxf5 Bxe4 21.Qg4 Bxf5
22.Qxf5 Re5 23.Qf2 Qc7 24.Red1 Qc6 25.Bd4 Re4 26.b3 Rbe8 27.Rc2 b5 28.Rf1 f6
29.cxb5 Qxb5 30.Rc7 Qd3 31.Bc3 Re2 32.Qh4 Rc2 33.Qc4+ Qxc4 34.Rxc4 d5  0-1